Virginia's Native Birds - Statistics

General Stats
  • This quiz has been taken 19 times
  • The average score is 24 of 30
Answer Stats
Picture Answer % Correct
Blue jay
100%
Northern Cardinal
100%
Great-horned Owl
93%
Mallard
93%
Red-tailed Hawk
93%
Rock Pigeon
93%
Ruby-throated Hummingbird
93%
American Crow
87%
American Robin
87%
Canada Goose
87%
Downy Woodpecker
87%
Eastern Bluebird
87%
Herring Gull
87%
Great Blue Heron
80%
Northern Mockingbird
80%
Song Sparrow
80%
Tufted Titmouse
80%
Turkey Vulture
80%
American Goldfinch
73%
Baltimore Oriole
73%
European Starling
73%
House Wren
73%
Black-capped Chickadee
67%
Red-winged Blackbird
67%
Tree Swallow
67%
Common Grackle
60%
White-breasted Nuthatch
60%
Yellow Warbler
60%
Eastern Phoebe
53%
Purple Finch
47%
No matching quizzes found
Score Distribution
Percent of People with Each Score
Percentile by Number Answered
Your Score History
You have not taken this quiz